000
00321nam a2200133Ia 4500
008
240624s9999 xx 000 0 und d
041
_a
eng
082
_a
823 KHO
100
_a
KHOURY RAYMOND
245
_a
RASPUTIN S SHADOW
260
_c
2014
_a
New Delhi
_b
Orion Books
300
_a
454 : p. : cm. ; 17
365
_c
RS
_b
25
999
_c
23722
_d
23722